| 000 | 00939cam a2200265 a 4500 | ||
|---|---|---|---|
| 003 | CO-ViMGA | ||
| 005 | 20230915224040.0 | ||
| 008 | 000915s2000 mx a r 00110dspa d | ||
| 020 | _a9684443854 | ||
| 040 |
_aCO-ViMGA _bspa _cCO-ViMGA |
||
| 041 | 1 | _heng | |
| 082 | 0 | 4 |
_a546 _bR195q _22 ed. |
| 100 | 1 |
_aRayner-Canham, Geoff. _910749 |
|
| 245 | 1 | 0 |
_aQuímica inorgánica descriptiva / _cGeoff Rayner-Canham ; traducción Roberto Luis Escalona García, Héctor Escalona García. |
| 250 |
_a2a. ed. / _bEditora Roxana Martín-Lunas. |
||
| 260 |
_aMexico : _bPearson Educación, _c2000. |
||
| 300 |
_a595 p. ; _c25 cm. |
||
| 500 | _aIncluye índice. | ||
| 534 |
_pTítulo original. _tDescriptive inorganic chemistry. |
||
| 650 | 1 | 4 |
_aElementos químicos. _910752 |
| 650 | 6 |
_aQuímica inorgánica. _910750 |
|
| 650 | 6 |
_aTabla periódica (Química) _910751 |
|
| 700 | 1 |
_aEscalona García, Roberto, _etr. _910753 |
|
| 942 |
_2ddc _cBK |
||
| 999 |
_c11203 _d11203 |
||